00379nam a2200145Ia 4500008004100000020001500041041001200056100001900068245006100087250000800148260003800156300000800194650001500202700001600217221030s9999 xx 000 0 und d a9352605357 aEnglish aP. C. Tripathi 0aPrinciples of Managementcby P. C. Tripathi, P. N. Reddy a6th bMcGraw - Hill Pub.aChennaic2018 a476 aManagement aP. N. Reddy